| 000 | 00755nam a2200265Ia 4500 | ||
|---|---|---|---|
| 003 | OSt | ||
| 005 | 20221007110427.0 | ||
| 006 | a|||||r|||| 00| 0 | ||
| 007 | ta | ||
| 008 | 221006b |||||||| |||| 00| 0 eng d | ||
| 020 | _a0803916922 | ||
| 024 | _a21,113 | ||
| 037 | _cTextual | ||
| 040 |
_aLCO _cLCO _beng |
||
| 041 |
_2eng _aeng |
||
| 082 | _aY773:4:61, M1 | ||
| 100 |
_aFyfe James J. Ed. _9707470 |
||
| 245 | 0 | _aContemporary Issues in Law Enforcement | |
| 260 |
_aLondon _bSage Publications U.K. _c1981 |
||
| 300 | _a168 | ||
| 500 | _aSage Research Progress Series in Criminology, Volume- 20 | ||
| 650 |
_aLAW ENFORCEMENT _9683219 |
||
| 942 |
_hY773:4:61, M1 _cTEXL |
||
| 999 |
_c1190676 _d1190676 |
||